00541 2200193 4500001002100000005001500021035002000036007000300056008004100059020002200100082000800122084001400130100001400144245008200158250000900240260004500249300003700294990001600331INLIS00000000000009920190502080924 a0010-0519000008ta190502 0 ind  a978-602-03-3283-3 a811 a811 TER d0 aTere Liye1 aDikatakan atau tidak dikatakan itu tetap cinta :bKumpulan Sajak /cTere Liye aed.1 aJakarta :bGramedia Pustaka Utama,c2016 a104 hlm. :bIlus. ;c19 x 13 cm. a00000000823